Statistics for Countries with the Largest Muslim Minority

Click here to take the quiz!

General Stats

  • This quiz has been taken 922 times
  • The average score is 12 of 20

Answer Stats

% PopulationContinentCountry% Correct
47.9%AfricaNigeria
87%
33.8%AfricaEthiopia
82%
14.6%AsiaIndia
82%
41.6%EuropeBosnia-Herzegovina
77%
29.9%AfricaTanzania
72%
16.1%AfricaGhana
71%
18.0%AfricaCameroon
63%
34.9%EuropeMacedonia
63%
13.4%EuropeBulgaria
62%
24.5%AfricaBenin
61%
15.9%South AmericaSuriname
61%
36.5%AfricaEritrea
60%
36.9%AfricaCote d'Ivoire
57%
18.5%EuropeMontenegro
57%
17.7%AsiaIsrael
49%
22.8%AfricaMozambique
49%
42.8%AfricaGuinea Bissau
47%
14.9%AsiaSingapore
46%
22.7%AsiaCyprus
43%
16.6%AfricaMauritius
32%

Score Distribution

Percentile by Number Answered

Percent of People with Each Score

Your Score History

You have not taken this quiz